Statistics for Capital Cities that Make up the Highest % of their Country

Click here to take the quiz!

General Stats

  • This quiz has been taken 27 times
  • The average score is 6 of 20

Answer Stats

%Capital% Correct
70.3Kuwait City
65%
44.1Doha
57%
36.0Reykjavik
48%
54.6Djibouti
39%
36.4Amman
30%
38.5Montevideo
30%
32.0Riga
30%
33.0Tallinn
30%
39.1Bridgetown
26%
67.3Nassau
26%
39.3Paramaribo
26%
43.8Ulaanbaatar
26%
32.4Santiago
17%
32.0Tbilisi
17%
39.3Yerevan
17%
56.4Funafuti
13%
66.1Majuro
13%
30.3Podgorica
13%
32.1Sao Tome
13%
54.7Tarawa
13%

Score Distribution

Percentile by Number Answered

Percent of People with Each Score

Your Score History

You have not taken this quiz